000 00211nam a22000857a 4500
008 170208b xxu||||| |||| 00| 0 eng d
100 _92801
_aNCERT
245 _aAccountancy Class-XII
260 _aNew Delhi
_bNCERT
_c2007
999 _c6003
_d6003